Atomic energy applications underdeveloped countries
محفوظ في:
| المؤلف الرئيسي: | |
|---|---|
| التنسيق: | كتاب |
| اللغة: | Undetermined |
| منشور في: |
Baltimore
John Hopkings Press
1957
|
| الموضوعات: | |
| الوسوم: |
إضافة وسم
لا توجد وسوم, كن أول من يضع وسما على هذه التسجيلة!
|
| Thư viện lưu trữ: | Trung tâm Học liệu Trường Đại học Cần Thơ |
|---|
| LEADER | 00602nam a2200181Ia 4500 | ||
|---|---|---|---|
| 001 | CTU_20743 | ||
| 008 | 210402s9999 xx 000 0 und d | ||
| 082 | |a 333.792409172 | ||
| 082 | |b N471 | ||
| 100 | |a B C Netschert | ||
| 245 | 0 | |a Atomic energy applications underdeveloped countries | |
| 245 | 0 | |c B C Netschert, S H Schurr | |
| 260 | |a Baltimore | ||
| 260 | |b John Hopkings Press | ||
| 260 | |c 1957 | ||
| 650 | |a economics,nuclear energy - economic aspects,nuclear energy - law and legislation,rural development | ||
| 904 | |i Minh, 971226 | ||
| 980 | |a Trung tâm Học liệu Trường Đại học Cần Thơ | ||